000 00397cam a22001337a 4500
008 180718b1999 xxu||||| |||| 00| 0 eng d
082 _aA81x54 91/16DP
100 _aCensus of India 1991
245 _aMeghalaya state district profile 1991
260 _aDelhi
_bThe Controller of Publications
_c1999
300 _a89+p.
440 _aCensus of India 1991. Meghalaya.
650 _aMeghalaya - Census
999 _c487984
_d487984